Basic Japanese-English Dictionary
| Format: | Book |
|---|---|
| Published: |
Oxford [England] ; New York :
Oxford University Press ,
2004
|
| Edition: | Second edition. |
| Subjects: |
MARC
| LEADER | 00000cam a2200000 7i4500 | ||
|---|---|---|---|
| 001 | 0000003734 | ||
| 005 | 20110503.0 | ||
| 020 | 0 | 0 | |a 0198608594 |
| 090 | 0 | 0 | |a R 495.6321 |b BAC |
| 245 | 0 | 2 | |a Basic Japanese-English Dictionary |
| 250 | 0 | 0 | |a Second edition. |
| 260 | 0 | 0 | |a Oxford [England] ; New York : |b Oxford University Press , |c 2004 |
| 300 | |a 1000 p. ; |c 20 cm. | ||
| 650 | 0 | 0 | |a Japanese |x Dictionaries |
| 999 | |a 007197 |b Monograph |c Reference |e Default branch | ||
| 999 | |a 007198 |b Monograph |c Reference |e Default branch | ||